[Event "SC Steinfurt 1 - SK Dülmen 1"]
[Site "Regionalliga Münsterland 2019"]
[Date "2020.02.01"]
[Round "6.1"]
[White "Eiersbrock, Robin"]
[Black "Rieke, Theo"]
[Result "1/2-1/2"]
[WhiteElo "2053"]
[BlackElo "1947"]
[PlyCount "154"]
[EventDate "2020.??.??"]
[SourceDate "2020.02.09"]

1. d4 Nf6 2. Nf3 d5 3. c4 c6 4. e3 e6 5. Nc3 Nbd7 6. Be2 Bd6 7. O-O O-O 8. a4
Qe7 9. a5 a6 10. Re1 Re8 11. Bf1 e5 12. e4 dxe4 13. Nxe4 Nxe4 14. Rxe4 f5 15.
Re1 e4 16. c5 Bc7 17. Bc4+ Kh8 18. Ng5 h6 19. Qh5 Nf6 20. Nf7+ Kh7 21. Ng5+ Kh8
22. Nf7+ Kh7 23. Qh4 Nd5 24. Qxe7 Rxe7 25. Nd6 Be6 26. Bxd5 cxd5 27. Bf4 Bd7
28. Be5 Bxd6 29. cxd6 Ree8 30. Rec1 Bc6 31. b4 Kg8 32. Kf1 Kf7 33. Ke2 g5 34.
h4 Kg6 35. hxg5 hxg5 36. g3 Rad8 37. Ke3 Rd7 38. Rc5 Rf8 39. Rh1 Rh7 40. Rxh7
Kxh7 41. d7 Rd8 42. Bf6 Rxd7 43. Bxg5 Kg6 44. Kf4 Rh7 45. Bh4 Rh8 46. Ke5 Re8+
47. Kf4 Re6 48. Rc1 Re8 49. Rc3 Re6 50. Rc5 Re8 51. Rc1 Rc8 52. Ke5 Re8+ 53.
Kf4 Rc8 54. Rc5 Re8 55. b5 e3 56. fxe3 Re4+ 57. Kf3 Bxb5 58. Rxd5 Bc6 59. Rc5
Re8+ 60. Kf2 Re6 61. Bd8 Rd6 62. Bc7 Rd5 63. Rc1 Rb5 64. Rc2 Kg5 65. Ke2 Rb3
66. Kd2 Be4 67. Rc5 Kg4 68. Bf4 Rd3+ 69. Kc1 Kh5 70. Kb2 Kg4 71. Rc3 Rxc3 72.
Kxc3 Bd5 73. Kb4 Kf3 74. Kc5 Ke4 75. Kd6 Bc6 76. Be5 Bd5 77. Bf4 Bc6 1/2-1/2

[Event "SC Steinfurt 1 - SK Dülmen 1"]
[Site "Regionalliga Münsterland 2019"]
[Date "2020.02.01"]
[Round "6.2"]
[White "Arning, Marcus"]
[Black "Grund, Wolfgang"]
[Result "0-1"]
[WhiteElo "1927"]
[BlackElo "1889"]
[PlyCount "55"]
[EventDate "2020.??.??"]
[SourceDate "2020.02.09"]

1. d4 d5 2. c4 e6 3. Nf3 c6 4. Qc2 Nf6 5. Bg5 Be7 6. Nbd2 h6 7. Bh4 Nbd7 8. e3
Qa5 9. Bd3 O-O 10. O-O g5 11. Bg3 Nh5 12. cxd5 exd5 13. e4 Nxg3 14. fxg3 dxe4
15. Bxe4 Nf6 16. Ne5 Qd8 17. Rae1 Be6 18. Bf5 Bxf5 19. Qxf5 Nh7 20. Nxf7 Qxd4+
21. Kh1 Bb4 22. Re4 Qg7 23. Rxb4 Rad8 24. Rxb7 Rxd2 25. Qe6 Qf6 26. Qe1 Qd4 27.
Nxh6+ Kh8 28. Qe7 0-1

[Event "SC Steinfurt 1 - SK Dülmen 1"]
[Site "Regionalliga Münsterland 2019"]
[Date "2020.02.01"]
[Round "6.3"]
[White "Nolting, Bodo"]
[Black "Yust, Evgeniy"]
[Result "0-1"]
[WhiteElo "1726"]
[BlackElo "1914"]
[PlyCount "68"]
[EventDate "2020.??.??"]
[SourceDate "2020.02.09"]

1. e4 g6 2. d4 Bg7 3. Nc3 d6 4. f4 f5 5. e5 dxe5 6. dxe5 Qxd1+ 7. Nxd1 Nc6 8.
Bb5 Bd7 9. Ne3 Nxe5 10. Bxd7+ Nxd7 11. Nf3 Ngf6 12. Ng5 Nc5 13. O-O h6 14. Nf3
O-O 15. Ne5 Kh7 16. b3 Nfd7 17. Nxd7 Nxd7 18. Rb1 e5 19. Nd5 c6 20. Nc7 Rac8
21. Ne6 Rfe8 22. Nxg7 Kxg7 23. Rd1 Rcd8 24. Bd2 Kf7 25. fxe5 Nc5 26. Be3 Ne4
27. Bxa7 Ra8 28. Rd7+ Re7 29. Rxe7+ Kxe7 30. Be3 Rxa2 31. Bxh6 Rxc2 32. g4 Ke6
33. gxf5+ gxf5 34. Bf4 Nc3 0-1

[Event "SC Steinfurt 1 - SK Dülmen 1"]
[Site "Regionalliga Münsterland 2019"]
[Date "2020.02.01"]
[Round "6.4"]
[White "Schulz, Joachim"]
[Black "Loedding, Detlef"]
[Result "1/2-1/2"]
[WhiteElo "1896"]
[BlackElo "1890"]
[PlyCount "50"]
[EventDate "2020.??.??"]
[SourceDate "2020.02.09"]

1. Nc3 c5 2. e4 Nc6 3. d3 e6 4. f4 d5 5. Nf3 Nge7 6. g3 g6 7. Bg2 Bg7 8. Bd2
Rb8 9. a4 a6 10. O-O O-O 11. e5 Nf5 12. g4 Nfd4 13. Ne2 f6 14. exf6 Bxf6 15. c3
Nxf3+ 16. Bxf3 b5 17. axb5 Rxb5 18. Qc2 Rb8 19. Ng3 Qb6 20. Bc1 Na5 21. f5 Nb3
22. Rb1 Nxc1 23. Qxc1 Qc7 24. Ra1 Be5 25. Kg2 Bf4 1/2-1/2

[Event "SC Steinfurt 1 - SK Dülmen 1"]
[Site "Regionalliga Münsterland 2019"]
[Date "2020.02.01"]
[Round "6.5"]
[White "Koetting, Hans Erich"]
[Black "Janning, Rainer"]
[Result "1-0"]
[WhiteElo "1888"]
[BlackElo "1888"]
[PlyCount "137"]
[EventDate "2020.??.??"]
[SourceDate "2020.02.09"]

1. d4 d5 2. Nf3 e6 3. Bf4 c6 4. e3 f5 5. Nbd2 Nf6 6. Bd3 Bd6 7. Ne5 O-O 8. Qe2
Qc7 9. Bg3 Nbd7 10. Ndf3 Ne4 11. Nxd7 Bxd7 12. Bxd6 Qxd6 13. Ne5 Be8 14. c3 Nf6
15. h4 Nd7 16. Nxd7 Bxd7 17. O-O-O e5 18. dxe5 Qxe5 19. Rhe1 Rae8 20. Kb1 Re7
21. Qc2 Qf6 22. g3 Be8 23. Ka1 Bh5 24. Be2 Bxe2 25. Rxe2 Rfe8 26. Red2 b5 27.
Rd4 Re4 28. Qe2 f4 29. gxf4 Qxf4 30. h5 Qg5 31. a3 Qg2 32. R1d2 R8e5 33. Qd1
Qh3 34. a4 a6 35. Ka2 Rh4 36. Qb3 Rxd4 37. Rxd4 Qxh5 38. e4 Qf7 39. exd5 Rxd5
40. Re4 Rd8 41. c4 Rb8 42. f4 g6 43. f5 Qxf5 44. cxb5+ Qd5 45. Qxd5+ cxd5 46.
Rb4 Kf7 47. Rf4+ Ke6 48. bxa6 Ra8 49. b4 Rxa6 50. b5 Ra8 51. Kb3 h5 52. b6 Kd6
53. Kb4 Kc6 54. Rf6+ Kb7 55. Rxg6 Rd8 56. Kb5 d4 57. Rg7+ Kb8 58. a5 d3 59. a6
Rd5+ 60. Kc6 Rd8 61. Rb7+ Ka8 62. Rd7 Rh8 63. Rxd3 h4 64. Kc7 h3 65. Rd8+ Rxd8
66. Kxd8 Kb8 67. a7+ Kb7 68. a8=Q+ Kxa8 69. Kc7 1-0

[Event "SC Steinfurt 1 - SK Dülmen 1"]
[Site "Regionalliga Münsterland 2019"]
[Date "2020.02.01"]
[Round "6.6"]
[White "Raue, Thorsten"]
[Black "Rebber, Christian"]
[Result "0-1"]
[WhiteElo "1803"]
[BlackElo "1833"]
[PlyCount "34"]
[EventDate "2020.??.??"]
[SourceDate "2020.02.09"]

1. b4 e5 2. Bb2 Bxb4 3. Bxe5 Nf6 4. e3 d5 5. Nf3 O-O 6. c4 Re8 7. Bb2 Bg4 8.
cxd5 Nxd5 9. Be2 Nc6 10. O-O Bd6 11. a3 Qe7 12. Nc3 Nxc3 13. Bxc3 Bxa3 14. Bb5
Bd6 15. d4 a6 16. d5 Bxf3 17. Qxf3 Ne5 0-1

[Event "SC Steinfurt 1 - SK Dülmen 1"]
[Site "Regionalliga Münsterland 2019"]
[Date "2020.02.01"]
[Round "6.7"]
[White "Tecklenborg, Georg"]
[Black "Wild, Helmut"]
[Result "1-0"]
[WhiteElo "1702"]
[BlackElo "1871"]
[PlyCount "93"]
[EventDate "2020.??.??"]
[SourceDate "2020.02.09"]

1. e4 c6 2. d4 d5 3. exd5 cxd5 4. f4 Bf5 5. Nf3 e6 6. c3 Nc6 7. Be2 Nf6 8. O-O
h6 9. Ne5 a6 10. a4 Rc8 11. Nd2 Nxe5 12. fxe5 Ne4 13. Nxe4 Bxe4 14. Bh5 g6 15.
Bf3 Bxf3 16. Qxf3 Rc7 17. Bd2 Bg7 18. Qh3 b6 19. Rf2 g5 20. Qh5 O-O 21. h4 Qe8
22. hxg5 f5 23. Qxe8 Rxe8 24. gxh6 Bf8 25. Rf3 Rh7 26. Rh3 Be7 27. Kf2 Kf7 28.
Rah1 Rg8 29. Rg3 Rg6 30. Kf3 Rxg3+ 31. Kxg3 Kg6 32. Kf3 Bg5 33. Bf4 Rxh6 34.
Rxh6+ Kxh6 35. g4 Kg6 36. gxf5+ Kxf5 37. Bxg5 Kxg5 38. Ke3 Kf5 39. b3 b5 40.
axb5 axb5 41. Kd3 Kf4 42. c4 bxc4+ 43. bxc4 dxc4+ 44. Kxc4 Kf5 45. Kc5 Kg6 46.
Kd6 Kf7 47. Kd7 1-0

[Event "SC Steinfurt 1 - SK Dülmen 1"]
[Site "Regionalliga Münsterland 2019"]
[Date "2020.02.01"]
[Round "6.8"]
[White "Haselhorst, Helmut"]
[Black "Liebing, Ingo"]
[Result "1/2-1/2"]
[WhiteElo "2025"]
[BlackElo "1745"]
[PlyCount "26"]
[EventDate "2020.??.??"]
[SourceDate "2020.02.09"]

1. Nf3 d6 2. e4 Nf6 3. Nc3 c6 4. d4 Bg4 5. Be2 e6 6. O-O Be7 7. Be3 O-O 8. Qd2
d5 9. e5 Nfd7 10. Ng5 Bf5 11. Nd1 c5 12. c3 Nc6 13. Nf3 Bg4 1/2-1/2

[Event "SC Gronau 1 - SK Münster 4"]
[Site "Regionalliga Münsterland 2019"]
[Date "2020.02.01"]
[Round "6.1"]
[White "Janssen, Dirk"]
[Black "Monsma, Menno"]
[Result "1/2-1/2"]
[WhiteElo "1947"]
[BlackElo "2059"]
[PlyCount "57"]
[EventDate "2020.??.??"]
[SourceDate "2020.02.09"]

1. c4 g6 2. Nc3 Bg7 3. g3 e6 4. Bg2 Ne7 5. Nf3 c5 6. d4 cxd4 7. Nxd4 a6 8. b3
Nbc6 9. e3 Nxd4 10. exd4 d5 11. cxd5 exd5 12. O-O O-O 13. Ba3 Re8 14. Bxe7 Rxe7
15. Nxd5 Rd7 16. Qf3 Rb8 17. Qf4 Rd6 18. Rac1 Be6 19. Nc7 Bxd4 20. Nxe6 fxe6
21. Rc2 Qe7 22. Be4 Rf8 23. Qc1 Rd7 24. Rc8 Kg7 25. Rxf8 Qxf8 26. Kg2 Qd6 27.
h4 Rf7 28. Qg5 Qc5 29. Qxc5 1/2-1/2

[Event "SC Gronau 1 - SK Münster 4"]
[Site "Regionalliga Münsterland 2019"]
[Date "2020.02.01"]
[Round "6.2"]
[White "Luetkehermoelle, Martin"]
[Black "Vogenauer, Nikolas"]
[Result "0-1"]
[WhiteElo "1952"]
[BlackElo "1881"]
[PlyCount "93"]
[EventDate "2020.??.??"]
[SourceDate "2020.02.09"]

1. e4 c5 2. c3 Nf6 3. e5 Nd5 4. d4 cxd4 5. Nf3 e6 6. cxd4 d6 7. Bc4 Nb6 8. Bd3
Nc6 9. Nc3 dxe5 10. dxe5 Bb4 11. O-O Nd7 12. Bf4 Bxc3 13. bxc3 Nc5 14. Bb5 O-O
15. Qxd8 Rxd8 16. Rfd1 Bd7 17. Bg5 Rdc8 18. Rab1 a6 19. Be3 Nxe5 20. Bxd7 Nexd7
21. Rd6 Kf8 22. Rb4 Ke7 23. Rd1 f6 24. Nd4 Rc7 25. f4 Rac8 26. Ne2 h6 27. Ng3
a5 28. Rb5 a4 29. Rb4 g5 30. Ne2 Kf7 31. fxg5 hxg5 32. h4 gxh4 33. Rxh4 e5 34.
Ng3 Ke6 35. Rb4 Na6 36. Rxa4 Rxc3 37. Bf2 Nac5 38. Ra5 Rg8 39. Nf1 Ne4 40. Be1
Rc2 41. Nd2 Nc3 42. Ra1 Ne2+ 43. Kf1 Nf4 44. g3 Nd3 45. Ra3 N7c5 46. Ke2 Rd8
47. Rb1 0-1

[Event "SC Gronau 1 - SK Münster 4"]
[Site "Regionalliga Münsterland 2019"]
[Date "2020.02.01"]
[Round "6.3"]
[White "Voss, Andreas"]
[Black "Storck, Martin"]
[Result "1/2-1/2"]
[WhiteElo "1881"]
[BlackElo "1954"]
[PlyCount "68"]
[EventDate "2020.??.??"]
[SourceDate "2020.02.09"]

1. d4 d5 2. c4 c6 3. Nc3 Nf6 4. Bg5 e6 5. e3 Be7 6. Qc2 Nbd7 7. Nf3 h6 8. Bh4
O-O 9. Be2 a6 10. a4 dxc4 11. O-O Nd5 12. Bxe7 Qxe7 13. Bxc4 Nb4 14. Qe4 Nb6
15. Be2 f5 16. Qe5 Nd7 17. Qc7 Nd5 18. Nxd5 exd5 19. Ne5 Qe6 20. Nd3 Rf7 21.
Qg3 Nf6 22. a5 Ne4 23. Qe5 Re7 24. Qxe6+ Bxe6 25. Rfc1 Rf8 26. Ne5 Rc7 27. Bd3
Nd6 28. Ra3 Nf7 29. Nxf7 Kxf7 30. Rac3 Rfc8 31. f3 Rd8 32. b4 Re7 33. Kf2 Bd7
34. Bb1 Rde8 1/2-1/2

[Event "SC Gronau 1 - SK Münster 4"]
[Site "Regionalliga Münsterland 2019"]
[Date "2020.02.01"]
[Round "6.4"]
[White "Langendijk, Andre"]
[Black "Leder, Nils"]
[Result "1/2-1/2"]
[WhiteElo "1926"]
[BlackElo "1861"]
[PlyCount "81"]
[EventDate "2020.??.??"]
[SourceDate "2020.02.09"]

1. d4 Nf6 2. Bg5 Ne4 3. Bh4 d5 4. Nc3 Nxc3 5. bxc3 c6 6. e3 Qa5 7. Qd2 Bf5 8.
Bd3 Bg6 9. Ne2 Nd7 10. c4 Qxd2+ 11. Kxd2 dxc4 12. Bxc4 e5 13. Bd3 Bd6 14. Bg3
O-O 15. Rhb1 b6 16. a4 f6 17. a5 b5 18. c4 a6 19. Nc3 Bxd3 20. Kxd3 Rfd8 21. c5
Be7 22. Kc2 exd4 23. exd4 Nf8 24. Re1 Kf7 25. Rad1 Ne6 26. d5 cxd5 27. Rxd5
Rac8 28. Rxd8 Bxd8 29. Ne4 Be7 30. Bd6 Nxc5 31. Bxc5 Bxc5 32. Kb3 Be7 33. Rd1
Rc6 34. f3 f5 35. Nc3 Rd6 36. h3 Rxd1 37. Nxd1 Bc5 38. Nb2 Bd4 39. Nd3 Ke6 40.
Nb4 Ke5 41. Nc6+ 1/2-1/2

[Event "SC Gronau 1 - SK Münster 4"]
[Site "Regionalliga Münsterland 2019"]
[Date "2020.02.01"]
[Round "6.5"]
[White "Schulz, Stefan"]
[Black "Reckzuegel, Philipp"]
[Result "1/2-1/2"]
[WhiteElo "1860"]
[BlackElo "1901"]
[PlyCount "61"]
[EventDate "2020.??.??"]
[SourceDate "2020.02.09"]

1. d4 Nf6 2. Nf3 e6 3. c4 d5 4. g3 c6 5. Qc2 Nbd7 6. Bg2 Bd6 7. O-O O-O 8. Nbd2
Re8 9. e4 dxe4 10. Nxe4 Nxe4 11. Qxe4 e5 12. dxe5 Nxe5 13. Qc2 Qf6 14. Qb3 Rb8
15. Ng5 Bc7 16. Ne4 Qg6 17. Bf4 Bf5 18. Nd2 Qh5 19. h4 h6 20. Nf3 Bg4 21. Nxe5
Bxe5 22. Bxe5 Qxe5 23. Qb4 c5 24. Qa5 Qxb2 25. Qxa7 Be2 26. Rfe1 Bxc4 27. Qxc5
Bxa2 28. Qa7 Bc4 29. Rab1 Rxe1+ 30. Rxe1 Rd8 31. Qxb7 1/2-1/2

[Event "SC Gronau 1 - SK Münster 4"]
[Site "Regionalliga Münsterland 2019"]
[Date "2020.02.01"]
[Round "6.6"]
[White "Rothkegel, Juergen"]
[Black "Schoepper, Oliver"]
[Result "1/2-1/2"]
[WhiteElo "1864"]
[BlackElo "1811"]
[PlyCount "59"]
[EventDate "2020.??.??"]
[SourceDate "2020.02.09"]

1. e4 Nf6 2. e5 Nd5 3. d4 d6 4. Nf3 g6 5. c4 Nb6 6. exd6 cxd6 7. Be2 Bg7 8. O-O
O-O 9. b3 Nc6 10. Bb2 Bf5 11. Nc3 Rc8 12. Qd2 e5 13. d5 Nb4 14. Rac1 Na6 15.
Nb5 Nc5 16. Rfd1 a6 17. Nc3 h5 18. b4 Ncd7 19. c5 dxc5 20. bxc5 Nxc5 21. Ba3
Re8 22. Qe3 Ncd7 23. Ne4 Rxc1 24. Bxc1 Bxe4 25. Qxe4 Nf6 26. Qb4 Nfxd5 27. Qb3
e4 28. Ng5 Re5 29. h4 Qe7 30. Ba3 1/2-1/2

[Event "SC Gronau 1 - SK Münster 4"]
[Site "Regionalliga Münsterland 2019"]
[Date "2020.02.01"]
[Round "6.7"]
[White "Sokolowski, Cyril"]
[Black "Hoge, Torsten"]
[Result "0-1"]
[WhiteElo "1744"]
[BlackElo "1900"]
[PlyCount "66"]
[EventDate "2020.??.??"]
[SourceDate "2020.02.09"]

1. e4 e6 2. d4 d5 3. exd5 exd5 4. Bd3 Nc6 5. c3 Bd6 6. Nf3 Bg4 7. O-O Nge7 8.
Re1 Qd7 9. Nbd2 O-O 10. Qc2 Bf5 11. Nf1 Bxd3 12. Qxd3 Ng6 13. Be3 Nce7 14. Ng3
Rae8 15. b3 f5 16. Bd2 f4 17. Ne2 Nf5 18. c4 Nfh4 19. h3 c6 20. Nc3 Nxf3+ 21.
Qxf3 dxc4 22. bxc4 Bb8 23. Ne2 Nh4 24. Qg4 Qxg4 25. hxg4 f3 26. Bb4 Nxg2 27.
Rec1 Rf6 28. Nc3 Rg6 29. d5 Rxg4 30. Kf1 Rxc4 31. Rab1 Rh4 32. Kg1 Bh2+ 33. Kf1
Bd6 0-1

[Event "SC Gronau 1 - SK Münster 4"]
[Site "Regionalliga Münsterland 2019"]
[Date "2020.02.01"]
[Round "6.8"]
[White "Reinhold, Klaus"]
[Black "Baumann, Eva"]
[Result "1-0"]
[WhiteElo "1823"]
[BlackElo "1728"]
[PlyCount "77"]
[EventDate "2020.??.??"]
[SourceDate "2020.02.09"]

1. d4 d5 2. c4 e6 3. Nf3 Nf6 4. Nc3 Nbd7 5. Bf4 Be7 6. e3 a6 7. Bd3 c5 8. cxd5
Nxd5 9. Nxd5 exd5 10. O-O cxd4 11. Nxd4 O-O 12. Qc2 Nf6 13. Bc7 Qd7 14. Bf5 Qe8
15. Rac1 Bd8 16. Bd6 Be7 17. Bxe7 Qxe7 18. Bxc8 Raxc8 19. Qxc8 Rxc8 20. Rxc8+
Ne8 21. Nf5 Qd7 22. Nd6 g6 23. Rxe8+ Kg7 24. Rb8 Qxd6 25. Rxb7 Qc6 26. Rb4 Qc2
27. a4 Qd2 28. Rd4 Qxb2 29. Rxd5 Qb4 30. Rd4 Qb3 31. h3 Qc2 32. Rfd1 Qa2 33.
Rc1 Qe2 34. Rf4 Qd2 35. Rc7 Qd5 36. Rfxf7+ Kh6 37. f4 g5 38. Rf6+ Kh5 39. Rxh7#
1-0

[Event "TV Borken 1 - SK Metelen 1"]
[Site "Regionalliga Münsterland 2019"]
[Date "2020.02.01"]
[Round "6.2"]
[White "Schroer, Klaus"]
[Black "Koch, Alexander"]
[Result "1-0"]
[WhiteElo "2001"]
[BlackElo "2027"]
[PlyCount "53"]
[EventDate "2020.??.??"]
[SourceDate "2020.02.09"]

1. d4 Nf6 2. Bf4 g6 3. Nc3 Bg7 4. e4 d6 5. Nf3 O-O 6. Qd2 Re8 7. O-O-O c6 8.
Bh6 Bh8 9. h4 b5 10. Bd3 b4 11. Ne2 Qa5 12. Kb1 c5 13. h5 Ng4 14. hxg6 hxg6 15.
Bc4 e6 16. Qf4 Nxh6 17. Rxh6 Bg7 18. Rdh1 Qc7 19. Rh7 cxd4 20. Ng5 f6 21. Qxf6
Bxf6 22. Rxc7 Na6 23. Rch7 Nc5 24. R1h6 Bxg5 25. Rh8+ Kg7 26. R6h7+ Kf6 27.
Rxe8 1-0

[Event "TV Borken 1 - SK Metelen 1"]
[Site "Regionalliga Münsterland 2019"]
[Date "2020.02.01"]
[Round "6.4"]
[White "Vijayakumaran, Vithoosan"]
[Black "Zachej, Arne"]
[Result "1/2-1/2"]
[WhiteElo "1764"]
[BlackElo "1854"]
[PlyCount "39"]
[EventDate "2020.??.??"]
[SourceDate "2020.02.09"]

1. c4 c6 2. g3 d5 3. cxd5 cxd5 4. Bg2 Nf6 5. Nf3 Nc6 6. d4 Bf5 7. Nc3 h6 8. O-O
e6 9. Qa4 Be7 10. Ne5 Qb6 11. Nxc6 bxc6 12. Qd1 O-O 13. Na4 Qb5 14. Nc3 Qb6 15.
Na4 Qb5 16. Nc3 Qc4 17. Qa4 Qxa4 18. Nxa4 Nd7 19. Be3 Rfc8 20. Rac1 1/2-1/2

[Event "TV Borken 1 - SK Metelen 1"]
[Site "Regionalliga Münsterland 2019"]
[Date "2020.02.01"]
[Round "6.5"]
[White "Wigger, Frank"]
[Black "Thesing, Ansgar"]
[Result "1-0"]
[WhiteElo "1820"]
[BlackElo "1746"]
[PlyCount "103"]
[EventDate "2020.??.??"]
[SourceDate "2020.02.09"]

1. e4 c5 2. c3 d5 3. exd5 Qxd5 4. d4 Nf6 5. Nf3 Nc6 6. Be3 cxd4 7. cxd4 e5 8.
Nc3 Bb4 9. dxe5 Qxd1+ 10. Rxd1 Ne4 11. Bd2 Nxd2 12. Rxd2 O-O 13. Bb5 Bg4 14.
Bxc6 bxc6 15. O-O Rfe8 16. Re1 Rad8 17. Rxd8 Rxd8 18. Rd1 Rxd1+ 19. Nxd1 Kf8
20. Ne3 Bd7 21. Nc4 Be6 22. b3 Bc3 23. Nfd2 Bd5 24. f4 Bd4+ 25. Kf1 f6 26. Nf3
Ba1 27. exf6 Bxc4+ 28. bxc4 Bxf6 29. Ke2 Ke7 30. Kd3 Kd6 31. g4 h6 32. h4 c5
33. g5 hxg5 34. hxg5 Bb2 35. Ke4 Ke6 36. Ne1 Bc3 37. Nc2 a5 38. a4 Bb2 39. Ne3
Bd4 40. Nf1 Bb2 41. Nd2 Bc3 42. Nb3 Bb4 43. f5+ Kd6 44. f6 gxf6 45. gxf6 Ke6
46. f7 Kxf7 47. Kd5 Ke7 48. Nxc5 Kd8 49. Kc6 Kc8 50. Nb3 Kb8 51. Kb6 Kc8 52.
Nxa5 1-0

[Event "TV Borken 1 - SK Metelen 1"]
[Site "Regionalliga Münsterland 2019"]
[Date "2020.02.01"]
[Round "6.6"]
[White "Farwick, Christian"]
[Black "Denkler, Juergen"]
[Result "1/2-1/2"]
[WhiteElo "1845"]
[BlackElo "1683"]
[PlyCount "51"]
[EventDate "2020.??.??"]
[SourceDate "2020.02.09"]

1. d4 Nf6 2. Bf4 g6 3. e3 d5 4. Nf3 Bg7 5. c3 O-O 6. Bd3 b6 7. Nbd2 c5 8. h3
Bb7 9. O-O Nc6 10. Qe2 Re8 11. Ba6 Qc8 12. Bxb7 Qxb7 13. Be5 Nxe5 14. Nxe5 Nd7
15. f4 f6 16. Nxd7 Qxd7 17. Qf3 e5 18. f5 exd4 19. exd4 Bh6 20. Rad1 cxd4 21.
fxg6 hxg6 22. Qxf6 Re6 23. Qh4 Be3+ 24. Kh1 dxc3 25. bxc3 Bxd2 26. Rxd2 1/2-1/2

[Event "TV Borken 1 - SK Metelen 1"]
[Site "Regionalliga Münsterland 2019"]
[Date "2020.02.01"]
[Round "6.7"]
[White "Bueckers, Bernhard"]
[Black "Boldrick, Marcel"]
[Result "1-0"]
[WhiteElo "1655"]
[BlackElo "1651"]
[PlyCount "73"]
[EventDate "2020.??.??"]
[SourceDate "2020.02.09"]

1. c4 e5 2. g3 Nc6 3. Bg2 f5 4. e3 Bc5 5. Ne2 Nf6 6. a3 a5 7. Nbc3 O-O 8. O-O
d6 9. b3 Qe8 10. d4 Bb6 11. Bb2 e4 12. Nf4 Ne7 13. b4 c6 14. d5 axb4 15. axb4
Rxa1 16. Bxa1 g5 17. Nh3 h6 18. Na4 Ba7 19. Nc3 cxd5 20. Nxd5 Nfxd5 21. cxd5
Qf7 22. Qe2 Nxd5 23. Qb2 Nf6 24. Rd1 Qe7 25. Qa2+ Qf7 26. Qxa7 f4 27. Rxd6 Qh5
28. Qa2+ Kg7 29. Nxf4 gxf4 30. exf4 Qe8 31. Be5 Qb5 32. Qd2 Qc4 33. Rd4 Qa6 34.
Bxe4 Kg8 35. Bxf6 Qxf6 36. Rd6 Qg7 37. Rg6 1-0

[Event "TV Borken 1 - SK Metelen 1"]
[Site "Regionalliga Münsterland 2019"]
[Date "2020.02.01"]
[Round "6.8"]
[White "Klueppel, Ralf"]
[Black "Gravenkoetter, Christian"]
[Result "1-0"]
[WhiteElo "1780"]
[BlackElo "1668"]
[PlyCount "113"]
[EventDate "2020.??.??"]
[SourceDate "2020.02.09"]

1. d4 d5 2. Nf3 Bg4 3. c4 Bxf3 4. exf3 e6 5. cxd5 exd5 6. Qb3 Qe7+ 7. Qe3 Nc6
8. Be2 O-O-O 9. O-O Nf6 10. Nc3 h6 11. a3 g5 12. b4 Bg7 13. Qd3 Nd7 14. Be3 Nf8
15. b5 Nb8 16. Rfc1 Ne6 17. g3 Rhf8 18. Na4 Rd6 19. Nc5 f5 20. Nxe6 Rxe6 21.
Bf1 Kd8 22. Rc5 c6 23. bxc6 bxc6 24. Rac1 Qf6 25. Qc3 Rf7 26. Bh3 Nd7 27. Ra5
Nb6 28. Rc5 Rc7 29. Qd3 Nc4 30. Bxf5 Rd6 31. g4 Rb7 32. Rb1 Qe7 33. Rb3 Bf8 34.
Qb1 Rb6 35. Qc2 Rf6 36. Kg2 Qc7 37. Rxc4 dxc4 38. Qxc4 Rxb3 39. Qxb3 Qb6 40.
Qd3 Qc7 41. Bd2 Bd6 42. h3 Qe7 43. Qa6 Ke8 44. Qxc6+ Kf7 45. Qc4+ Kg7 46. Bc3
h5 47. d5 Be5 48. Qe4 Rxf5 49. gxf5 Kf6 50. Bb4 Qd7 51. Qd3 Qxf5 52. Qa6+ Kg7
53. Qxa7+ Kg8 54. Qa8+ Kh7 55. Qb7+ Kh8 56. Qe7 Qf4 57. Qf8+ 1-0

[Event "SC Klein-Berlin Rheine 1 - SK Bocholt 1"]
[Site "Regionalliga Münsterland 2019"]
[Date "2020.02.01"]
[Round "6.1"]
[White "Fuest, Martin"]
[Black "Bruemmer, Frank"]
[Result "1/2-1/2"]
[WhiteElo "2116"]
[BlackElo "2198"]
[PlyCount "77"]
[EventDate "2020.??.??"]
[SourceDate "2020.02.09"]

1. d4 c5 2. c3 d5 3. Nf3 Nf6 4. Bf4 Nc6 5. e3 Qb6 6. Qb3 c4 7. Qc2 Bf5 8. Qc1
h6 9. h3 e6 10. Nbd2 Qa5 11. Be2 b5 12. b4 Qb6 13. O-O a5 14. a4 axb4 15. axb5
Na5 16. cxb4 Bxb4 17. Qb2 Bxd2 18. Nxd2 O-O 19. Qb4 Rfc8 20. Ra3 Nc6 21. Rxa8
Nxb4 22. Rxc8+ Kh7 23. Ra1 e5 24. Nxc4 dxc4 25. Rxc4 Nd3 26. Bxe5 Qxb5 27. Rcc1
Nd7 28. Bg3 Qb2 29. Bxd3 Bxd3 30. Rd1 Nf6 31. f3 Nd5 32. Bf2 Nc3 33. Re1 Ne2+
34. Kh2 Nxd4 35. exd4 Qxf2 36. d5 Qd4 37. Rad1 f5 38. Kh1 f4 39. Rd2 1/2-1/2

[Event "SC Klein-Berlin Rheine 1 - SK Bocholt 1"]
[Site "Regionalliga Münsterland 2019"]
[Date "2020.02.01"]
[Round "6.2"]
[White "Henneberger, Sven"]
[Black "Liesmann, Karsten"]
[Result "1-0"]
[WhiteElo "2058"]
[BlackElo "1996"]
[PlyCount "65"]
[EventDate "2020.??.??"]
[SourceDate "2020.02.09"]

1. Nf3 d5 2. g3 Nf6 3. Bg2 Nc6 4. c4 d4 5. b4 Nxb4 6. Qa4+ Nc6 7. Ne5 Bd7 8.
Nxc6 Bxc6 9. Bxc6+ bxc6 10. Qxc6+ Nd7 11. Na3 a6 12. Rb1 Ra7 13. O-O e5 14. e3
Bc5 15. Nc2 O-O 16. Qd5 dxe3 17. fxe3 Bd6 18. d4 Nf6 19. Qg2 c5 20. d5 e4 21.
Bb2 Qe7 22. Bxf6 gxf6 23. Rf5 Rb8 24. Rbf1 Rab7 25. Qh3 Rb1 26. Rh5 Rxf1+ 27.
Kxf1 Rb1+ 28. Ke2 Qc7 29. Qg4+ Kf8 30. Rxh7 Rb2 31. Qg7+ Ke8 32. Rh8+ Ke7 33.
Qf8+ 1-0

[Event "SC Klein-Berlin Rheine 1 - SK Bocholt 1"]
[Site "Regionalliga Münsterland 2019"]
[Date "2020.02.01"]
[Round "6.3"]
[White "Naumann, Felix"]
[Black "Ottens, Stephan"]
[Result "0-1"]
[WhiteElo "1886"]
[BlackElo "2057"]
[PlyCount "92"]
[EventDate "2020.??.??"]
[SourceDate "2020.02.09"]

1. d4 Nf6 2. Nf3 g6 3. Bf4 Bg7 4. e3 d6 5. Nbd2 O-O 6. Be2 Nbd7 7. O-O b6 8. c3
Bb7 9. h3 Re8 10. Qc2 e5 11. dxe5 dxe5 12. Bh2 Qe7 13. Rfe1 Red8 14. Rac1 Ne8
15. e4 Nd6 16. b4 a5 17. a3 Bh6 18. Rb1 f6 19. c4 axb4 20. axb4 c5 21. bxc5
bxc5 22. Rb2 Bc6 23. Reb1 Nf8 24. Rb6 Qc7 25. g4 Bxd2 26. Nxd2 Ne6 27. Bd3 Nc8
28. R6b2 Nd4 29. Qc3 g5 30. Bf1 Ne7 31. Bg3 Qd7 32. f3 Ng6 33. Nb3 Ra3 34. Kg2
Ba4 35. Bf2 Nf4+ 36. Kh2 Nxb3 37. Rxb3 Rxb3 38. Rxb3 Bxb3 39. Qxb3 Qd2 40. Kg3
Qb4 41. Qa2 Qb6 42. Qa3 Ne6 43. Qa4 Kg7 44. h4 gxh4+ 45. Kxh4 Kg6 46. Be3 Qb1
0-1

[Event "SC Klein-Berlin Rheine 1 - SK Bocholt 1"]
[Site "Regionalliga Münsterland 2019"]
[Date "2020.02.01"]
[Round "6.4"]
[White "Averkamp Peters, Jens"]
[Black "Steiner, Karl"]
[Result "1-0"]
[WhiteElo "1958"]
[BlackElo "1896"]
[PlyCount "63"]
[EventDate "2020.??.??"]
[SourceDate "2020.02.09"]

1. e4 d6 2. d4 Nf6 3. Nc3 g6 4. Bc4 c6 5. Bg5 Bg7 6. Qd2 b5 7. Bd3 h6 8. Bf4
Qb6 9. Nf3 Bg4 10. e5 dxe5 11. Nxe5 Be6 12. O-O Nd5 13. Nxd5 Bxd5 14. c3 Qb7
15. Rfe1 Nd7 16. c4 Nxe5 17. cxd5 Nxd3 18. dxc6 Qxc6 19. Qxd3 e6 20. Rac1 Qd5
21. Rc5 Qxd4 22. Qxb5+ Kf8 23. Qb7 Rd8 24. Rc8 Rxc8 25. Qxc8+ Ke7 26. Qb7+ Kf8
27. Be3 Qxb2 28. Qa8+ Ke7 29. Bc5+ Kf6 30. Qf3+ Kg5 31. Be3+ Kh4 32. Qh3# 1-0

[Event "SC Klein-Berlin Rheine 1 - SK Bocholt 1"]
[Site "Regionalliga Münsterland 2019"]
[Date "2020.02.01"]
[Round "6.5"]
[White "Kuhlenbaeumer, Willi"]
[Black "Langhanke, Guenther"]
[Result "1/2-1/2"]
[WhiteElo "1925"]
[BlackElo "1942"]
[PlyCount "38"]
[EventDate "2020.??.??"]
[SourceDate "2020.02.09"]

1. e4 c5 2. Nf3 Nc6 3. d4 cxd4 4. c3 d5 5. exd5 Qxd5 6. Nxd4 e5 7. Nb5 Qxd1+ 8.
Kxd1 Bg4+ 9. f3 O-O-O+ 10. Ke1 Be6 11. Be3 Kb8 12. N5a3 Nf6 13. Bc4 Bxc4 14.
Nxc4 Nd5 15. Ke2 Nxe3 16. Nxe3 g6 17. Nd2 f5 18. g4 Bh6 19. Rad1 Bxe3 1/2-1/2